[Event "Crete-chT"]
[Site "Crete"]
[Date "2018.04.28"]
[Round "6.17"]
[White "Gratseas, Stefanos"]
[Black "Bras, Emanouel"]
[Result "1-0"]
[WhiteElo "2018"]
[BlackElo "1894"]
[PlyCount "81"]
[EventDate "2018.04.09"]
[EventType "team-tourn"]
[EventRounds "7"]
[EventCountry "GRE"]
[SourceTitle "EXT 2019"]
[Source "ChessBase"]
[SourceDate "2018.10.10"]
[SourceVersion "1"]
[SourceVersionDate "2018.10.10"]
[SourceQuality "1"]

1. d4 d5 2. c4 e6 3. Nc3 Nf6 4. Bg5 Be7 5. Nf3 0-0 6. e3 h6 7. Bxf6 Bxf6 8. Qc2 c6 9. Bd3 Nd7 10. 0-0 b6 11. e4 Bb7 12. e5 Be7 13. cxd5 cxd5 14. Rac1 a6 15. Ne2 b5 16. Qc7 Rb8 17. Nd2 Nb6 18. Qxd8 Rfxd8 19. b3 b4 20. f4 Rdc8 21. Rcd1 a5 22. f5 Rc7 23. fxe6 fxe6 24. Nf4 Bc8 25. Ng6 Bb7 26. Nf4 Rc6 27. Bb5 Rc2 28. Nxe6 Rxa2 29. Nc5 Bg5 30. Nf3 Be7 31. Ra1 Ra3 32. Rab1 Bc8 33. e6 Na8 34. Bd7 Nc7 35. Rfc1 Na6 36. Ne5 Bxc5 37. dxc5 Bxd7 38. exd7 Rd8 39. c6 Nc7 40. Rf1 Ra2 41. Nf7 1-0

[Event "Crete-chT"]
[Site "Crete"]
[Date "2018.04.27"]
[Round "4.2"]
[White "Gratseas, Stefanos"]
[Black "Mamoulakis, Eleftherios"]
[Result "1-0"]
[WhiteElo "2018"]
[BlackElo "2030"]
[PlyCount "49"]
[EventDate "2018.04.09"]
[EventType "team-tourn"]
[EventRounds "7"]
[EventCountry "GRE"]
[SourceTitle "EXT 2019"]
[Source "ChessBase"]
[SourceDate "2018.10.10"]
[SourceVersion "1"]
[SourceVersionDate "2018.10.10"]
[SourceQuality "1"]

1. d4 Nf6 2. c4 e6 3. Nc3 Bb4 4. f3 c5 5. a3 Bxc3+ 6. bxc3 d6 7. Bg5 Nbd7 8. Qd2 Qe7 9. e3 h6 10. Bh4 g5 11. Bf2 b6 12. h4 Rg8 13. e4 cxd4 14. cxd4 Qf8 15. Ne2 Bb7 16. Nc3 0-0-0 17. a4 g4 18. a5 gxf3 19. gxf3 d5 20. cxd5 exd5 21. Nb5 a6 22. Qc3+ Kb8 23. Qc7+ Ka8 24. Nd6 Nc5 25. dxc5 1-0

[Event "GRE-chT 43rd"]
[Site "Porto Rio"]
[Date "2015.10.08"]
[Round "2.4"]
[White "Goumas, Georgios"]
[Black "Gratseas, Stefanos"]
[Result "1/2-1/2"]
[WhiteElo "2381"]
[BlackElo "2030"]
[PlyCount "77"]
[EventDate "2015.10.08"]
[EventType "team-swiss"]
[EventRounds "7"]
[EventCountry "GRE"]
[SourceTitle "CBM 168 Extra"]
[Source "ChessBase"]
[SourceDate "2015.10.29"]
[SourceVersion "1"]
[SourceVersionDate "2015.10.29"]
[SourceQuality "1"]
[WhiteTeam "Nice Fysiolatris"]
[BlackTeam "OFI"]
[WhiteTeamCountry "GRE"]
[BlackTeamCountry "GRE"]

1. e4 d6 2. d4 Nf6 3. Nc3 g6 4. Be3 a6 5. Qd2 Nbd7 6. f3 b5 7. g4 Bg7 8. Bh6 Bxh6 9. Qxh6 e5 10. dxe5 dxe5 11. 0-0-0 c6 12. h4 Qe7 13. Qe3 Qc5 14. Qd2 Qe7 15. Nge2 Nc5 16. Ng3 Be6 17. a3 Rd8 18. Qe3 Rxd1+ 19. Nxd1 h5 20. Qc3 hxg4 21. Qxe5 0-0 22. Qg5 Re8 23. h5 Nh7 24. Qxe7 Rxe7 25. f4 Nf6 26. Bg2 Bd7 27. Nf2 Ne6 28. Nd3 Nd4 29. hxg6 fxg6 30. Nc5 Nh5 31. Nxh5 gxh5 32. Kd2 Be8 33. c3 Ne6 34. Nxe6 Rxe6 35. Ke3 Rh6 36. Rh4 Rd6 37. Rh1 Rh6 38. Rh4 Rd6 39. Rh1 1/2-1/2

[Event "Heraklio op-A 15th"]
[Site "Heraklion"]
[Date "2015.09.02"]
[Round "3"]
[White "Koutsourakis, Ioannis"]
[Black "Gratseas, Stefanos"]
[Result "0-1"]
[WhiteElo "1407"]
[BlackElo "2061"]
[PlyCount "114"]
[EventDate "2015.09.01"]
[EventType "swiss"]
[EventRounds "7"]
[EventCountry "GRE"]
[SourceTitle "EXT 2024"]
[Source "ChessBase"]
[SourceDate "2023.10.10"]
[SourceVersion "1"]
[SourceVersionDate "2023.10.10"]
[SourceQuality "1"]

1. e4 d6 2. d4 Nf6 3. Nc3 g6 4. Bf4 Bg7 5. Qd2 c6 6. 0-0-0 b5 7. h4 b4 8. Nce2 Nxe4 9. Qe3 Nf6 10. Ng3 h5 11. Bc4 Ba6 12. Bxa6 Nxa6 13. Nf3 Nc7 14. Rhe1 Ncd5 15. Qd2 a5 16. Kb1 a4 17. Ka1 Nxf4 18. Qxf4 Nd5 19. Qd2 0-0 20. Ne4 a3 21. b3 c5 22. c4 bxc3 23. Nxc3 Nxc3 24. Qxc3 Rc8 25. Qd3 Qb6 26. Rd2 e6 27. Red1 cxd4 28. Nxd4 Rc5 29. Kb1 Rfc8 30. Qe4 d5 31. Qe2 Bxd4 32. Rxd4 Qc7 33. Qe3 e5 34. R4d3 d4 35. Qh6 Qd7 36. Qd2 Qf5 37. f3 Rc3 38. Qe2 Qf4 39. Qe1 Kg7 40. g3 Qf5 41. Qe2 Rxd3 42. Qxd3 Rc3 43. Qxf5 gxf5 44. Rf1 Kf6 45. g4 hxg4 46. fxg4 f4 47. Rh1 f3 48. h5 e4 49. h6 Rc8 50. g5+ Kg6 51. h7 f2 52. h8Q Rxh8 53. Rxh8 f1Q+ 54. Kc2 Qd3+ 55. Kc1 e3 56. Rh1 Qd2+ 57. Kb1 Qb2# 0-1

[Event "Heraklion op"]
[Site "Heraklion"]
[Date "2014.09.05"]
[Round "5"]
[White "Gratseas, Stefanos"]
[Black "Sourgkounis, Angelos"]
[Result "1/2-1/2"]
[WhiteElo "2094"]
[BlackElo "1900"]
[PlyCount "115"]
[EventDate "2014.09.02"]
[EventType "swiss"]
[EventRounds "6"]
[EventCountry "GRE"]
[SourceTitle "EXT 2015"]
[Source "ChessBase"]
[SourceDate "2014.11.20"]
[SourceVersion "1"]
[SourceVersionDate "2014.11.20"]
[SourceQuality "1"]

1. d4 d6 2. e4 Nf6 3. Nc3 c6 4. Nf3 g6 5. Be2 Bg7 6. 0-0 0-0 7. Re1 Qc7 8. Bg5 e5 9. Qd2 Bg4 10. dxe5 dxe5 11. Rad1 Nbd7 12. Qd6 Qxd6 13. Rxd6 Ne8 14. Rd2 f6 15. Bc4+ Kh8 16. Be3 Nb6 17. Bb3 Nc7 18. Red1 Be6 19. Na4 Nxa4 20. Bxa4 Rfe8 21. Bb3 Bf8 22. Kf1 c5 23. c3 c4 24. Bc2 Na6 25. Ba4 Reb8 26. Bd7 Bg8 27. g4 Nc5 28. Bxc5 Bxc5 29. g5 fxg5 30. Nxg5 Rf8 31. Be6 Rf6 32. Rd8 Rxf2+ 33. Ke1 Rf8 34. Rxa8 Rxa8 35. Rd7 h6 36. Bxg8 hxg5 37. Bxc4 Rf8 38. Bf7 Kg7 39. Bd5+ Kh6 40. Bxb7 Bf2+ 41. Kd1 g4 42. Rd2 Kg5 43. Bc8 Bd4 44. Re2 Rf1+ 45. Re1 Rxe1+ 46. Kxe1 Bg1 47. h3 g3 48. Kf1 Be3 49. Kg2 Kf4 50. Bg4 Bf2 51. Bf3 g5 52. a4 Ke3 53. a5 Kd3 54. b4 a6 55. c4 Kxc4 56. Be2+ Kxb4 57. Bxa6 Kxa5 58. Bb7 1/2-1/2

[Event "Heraklion op"]
[Site "Heraklion"]
[Date "2014.09.04"]
[Round "4"]
[White "Gratseas, Stefanos"]
[Black "Serntedakis, Athanasios"]
[Result "1/2-1/2"]
[WhiteElo "2094"]
[BlackElo "1997"]
[PlyCount "27"]
[EventDate "2014.09.02"]
[EventType "swiss"]
[EventRounds "6"]
[EventCountry "GRE"]
[SourceTitle "EXT 2015"]
[Source "ChessBase"]
[SourceDate "2014.11.20"]
[SourceVersion "1"]
[SourceVersionDate "2014.11.20"]
[SourceQuality "1"]

1. e4 c6 2. d4 d5 3. e5 Bf5 4. Nd2 e6 5. Nb3 Nd7 6. Nf3 h6 7. a4 Ne7 8. a5 a6 9. Be3 g5 10. h3 Bg7 11. g4 Be4 12. Bg2 c5 13. 0-0 cxd4 14. Bxd4 1/2-1/2

[Event "GRE-chT 42nd"]
[Site "Porto Rio"]
[Date "2014.06.30"]
[Round "4.4"]
[White "Zenelis, Konstantinos"]
[Black "Gratseas, Stefanos"]
[Result "1-0"]
[WhiteElo "2107"]
[BlackElo "2119"]
[PlyCount "143"]
[EventDate "2014.06.28"]
[EventType "team-swiss"]
[EventRounds "7"]
[EventCountry "GRE"]
[SourceTitle "CBM 161 Extra"]
[Source "ChessBase"]
[SourceDate "2014.08.29"]
[SourceVersion "1"]
[SourceVersionDate "2014.08.29"]
[SourceQuality "1"]
[WhiteTeam "Papagou DP"]
[BlackTeam "OFI"]
[WhiteTeamCountry "GRE"]
[BlackTeamCountry "GRE"]

1. e4 d6 2. d4 Nf6 3. Nc3 e5 4. Nf3 Nbd7 5. Bg5 Be7 6. Qd2 h6 7. Be3 Ng4 8. 0-0-0 Nxe3 9. Qxe3 Bf6 10. dxe5 dxe5 11. Nd5 c6 12. Nxf6+ Qxf6 13. Qa3 Qe7 14. Qc3 0-0 15. Be2 Qc5 16. Qxc5 Nxc5 17. Nxe5 Nxe4 18. Rd4 Nc5 19. Bc4 Be6 20. Rhd1 Bxc4 21. Rxc4 Ne6 22. Rd7 f6 23. Ng6 Rf7 24. Ne7+ Kf8 25. Ng6+ Kg8 26. Ne7+ Kf8 27. Ng6+ Kg8 28. Rd6 Nf8 29. Nf4 Re8 30. Rcd4 Rfe7 31. Rd3 Kf7 32. Rb3 Rc7 33. h4 Ne6 34. Nh5 Rd8 35. Rxd8 Nxd8 36. Ng3 Rd7 37. Nf5 Ne6 38. Rxb7 Rxb7 39. Nd6+ Kg6 40. Nxb7 Nf4 41. g3 Nh3 42. f3 Ng1 43. Na5 Nxf3 44. Nxc6 Kf5 45. a4 g5 46. Nxa7 Ke6 47. hxg5 fxg5 48. Nb5 Kd7 49. Kd1 h5 50. Ke2 Ne5 51. Nd4 h4 52. gxh4 gxh4 53. Nf3 Nc4 54. b3 Na3 55. Nxh4 Nxc2 56. Kd3 Nb4+ 57. Kc4 Nc6 58. Nf5 Kc7 59. Nd4 Ne5+ 60. Kb5 Kb7 61. Ne6 Ka7 62. Nc5 Nf7 63. Kc6 Ne5+ 64. Kc7 Ng4 65. b4 Ne3 66. Kc6 Nc4 67. a5 Ne5+ 68. Kd5 Nf7 69. b5 Nd8 70. b6+ Kb8 71. a6 Ka8 72. Nd7 1-0

[Event "Heraklio SOI op 11th"]
[Site "Heraklion"]
[Date "2014.04.22"]
[Round "3"]
[White "Adams, Tim P"]
[Black "Gratseas, Stefanos"]
[Result "0-1"]
[WhiteElo "1789"]
[BlackElo "2121"]
[PlyCount "112"]
[EventDate "2014.04.21"]
[EventType "swiss"]
[EventRounds "7"]
[EventCountry "GRE"]
[SourceTitle "EXT 2024"]
[Source "ChessBase"]
[SourceDate "2023.10.10"]
[SourceVersion "1"]
[SourceVersionDate "2023.10.10"]
[SourceQuality "1"]

1. e4 d6 2. Nc3 e5 3. g3 Nf6 4. Bg2 Be7 5. Nge2 Nc6 6. d4 exd4 7. Nxd4 Nxd4 8. Qxd4 0-0 9. 0-0 c6 10. Bf4 Qb6 11. Qxb6 axb6 12. Rad1 Rd8 13. e5 dxe5 14. Bxe5 Bf5 15. Bc7 Rxd1 16. Rxd1 b5 17. a3 Bxc2 18. Re1 Kf8 19. Be5 Rd8 20. Bh3 Ne8 21. Rc1 Bg6 22. Rd1 Rxd1+ 23. Nxd1 Bd6 24. Bc3 Be4 25. Kf1 Nc7 26. Ne3 g6 27. Ke2 f5 28. f3 Bd5 29. f4 Ke7 30. Kd2 Ba2 31. Bg2 Ne6 32. Kc2 Nc5 33. b4 Ne4 34. Be1 Nf6 35. Kb2 Be6 36. Kc2 h6 37. Kd3 g5 38. fxg5 hxg5 39. Nc2 Bc4+ 40. Kd4 Ke6 41. Ke3 Ng4+ 42. Kd2 Nxh2 43. Ne3 Ba2 44. Nf1 Nxf1+ 45. Bxf1 Bc4 46. Bg2 Bd5 47. Bf1 f4 48. Bh3+ Ke5 49. gxf4+ Kxf4 50. Bf2 Kf3 51. Be3 g4 52. Bf1 Bc4 53. Bxc4 bxc4 54. Bg1 b5 55. Kc2 g3 56. Kd1 Bf4 0-1

[Event "GRE-chT 41st"]
[Site "Achaia"]
[Date "2013.07.07"]
[Round "7.4"]
[White "Deligiannis, Paraskevas1111"]
[Black "Gratseas, Stefanos"]
[Result "1-0"]
[WhiteElo "2046"]
[BlackElo "2133"]
[PlyCount "99"]
[EventDate "2013.07.02"]
[EventType "team-swiss"]
[EventRounds "7"]
[EventCountry "GRE"]
[SourceTitle "CBM 155 Extra"]
[Source "ChessBase"]
[SourceDate "2013.08.26"]
[SourceVersion "1"]
[SourceVersionDate "2013.08.26"]
[SourceQuality "1"]
[WhiteTeam "Nautical Association"]
[BlackTeam "OFI"]
[WhiteTeamCountry "GRE"]
[BlackTeamCountry "GRE"]

1. d4 Nf6 2. c4 e6 3. Nc3 Bb4 4. Qc2 d6 5. a3 Bxc3+ 6. Qxc3 Qe7 7. Nf3 Nbd7 8. b4 Ne4 9. Qc2 f5 10. e3 0-0 11. Bd3 Ndf6 12. Nd2 Nxd2 13. Bxd2 b6 14. 0-0 Bb7 15. f3 c5 16. Rfd1 Rac8 17. dxc5 dxc5 18. Bc3 Rfd8 19. Be2 cxb4 20. axb4 a6 21. Rxd8+ Rxd8 22. Rd1 Rxd1+ 23. Qxd1 Qd7 24. Kf2 Bc6 25. Qa1 Bb7 26. Bxf6 gxf6 27. Qxf6 a5 28. Qc3 Qc7 29. g3 Qg7 30. Qxg7+ Kxg7 31. bxa5 bxa5 32. Ke1 Kf6 33. Kd2 Ke5 34. Kc3 Kd6 35. g4 fxg4 36. fxg4 h6 37. Kd4 e5+ 38. Kc3 Ke6 39. Bd3 e4 40. Bc2 Ke5 41. Ba4 Bc8 42. h3 Be6 43. Bc6 Bf7 44. Kb3 h5 45. gxh5 Bxh5 46. Ka4 Be2 47. Bb5 Bf1 48. h4 Kf5 49. c5 Bd3 50. Kxa5 1-0

[Event "GRE-chT 41st"]
[Site "Achaia"]
[Date "2013.07.03"]
[Round "2.4"]
[White "Gratseas, Stefanos"]
[Black "Nikolakopoulos, Nikolaos"]
[Result "1-0"]
[WhiteElo "2133"]
[BlackElo "1993"]
[PlyCount "107"]
[EventDate "2013.07.02"]
[EventType "team-swiss"]
[EventRounds "7"]
[EventCountry "GRE"]
[SourceTitle "CBM 155 Extra"]
[Source "ChessBase"]
[SourceDate "2013.08.26"]
[SourceVersion "1"]
[SourceVersionDate "2013.08.26"]
[SourceQuality "1"]
[WhiteTeam "OFI"]
[BlackTeam "Egialias HS"]
[WhiteTeamCountry "GRE"]
[BlackTeamCountry "GRE"]

1. e4 e6 2. d4 d5 3. Nc3 Nf6 4. Bg5 Bb4 5. e5 h6 6. Bd2 Bxc3 7. bxc3 Ne4 8. Bd3 Nxd2 9. Qxd2 c5 10. f4 Nc6 11. Nf3 Qa5 12. Rf1 cxd4 13. cxd4 Qxd2+ 14. Kxd2 Bd7 15. Rab1 b6 16. g4 h5 17. h3 g6 18. f5 hxg4 19. hxg4 gxf5 20. gxf5 exf5 21. c3 0-0-0 22. Rh1 Be6 23. Rbg1 Rxh1 24. Rxh1 Rg8 25. Ke3 Rg2 26. Rh2 Rxh2 27. Nxh2 Ne7 28. Kf4 Kd7 29. Kg5 a5 30. Nf3 Kc6 31. Nh4 b5 32. Nxf5 Nxf5 33. Bxf5 Kd7 34. Bd3 b4 35. cxb4 axb4 36. Kf6 Ke8 37. Bb5+ Kf8 38. Bc6 Kg8 39. Ke7 Kg7 40. Kd6 Bf5 41. Bxd5 Bb1 42. Kc5 f5 43. exf6+ Kxf6 44. Kxb4 Ke7 45. Kc5 Kd7 46. a4 Kc7 47. a5 Bd3 48. Bc4 Be4 49. d5 Kb7 50. d6 Bf5 51. a6+ Ka7 52. Kc6 Be4+ 53. Kc7 Bb7 54. d7 1-0

[Event "Iraklio SOI op-A 8th"]
[Site "Iraklio"]
[Date "2013.05.07"]
[Round "2"]
[White "Gratseas, Stefanos"]
[Black "Margaritis, Georgios A"]
[Result "1/2-1/2"]
[WhiteElo "2162"]
[BlackElo "1523"]
[PlyCount "95"]
[EventDate "2013.05.06"]
[EventType "swiss"]
[EventRounds "7"]
[EventCountry "GRE"]
[SourceTitle "EXT 2024"]
[Source "ChessBase"]
[SourceDate "2023.10.10"]
[SourceVersion "1"]
[SourceVersionDate "2023.10.10"]
[SourceQuality "1"]

1. e4 d5 2. Nc3 d4 3. Nce2 e5 4. Ng3 Nf6 5. Nf3 Bd6 6. Bc4 c6 7. a4 Nbd7 8. Nf5 Nb6 9. Nxd6+ Qxd6 10. Bd3 Bg4 11. h3 Bh5 12. g4 Bg6 13. Qe2 Nbd7 14. b3 Nc5 15. Ba3 Nxd3+ 16. cxd3 c5 17. Qd1 Nd7 18. h4 f6 19. h5 Bf7 20. Nh4 g6 21. Rb1 a5 22. Qf3 0-0-0 23. Ke2 g5 24. Nf5 Qf8 25. Rhc1 Kb8 26. h6 b6 27. Ng3 Qxh6 28. Rh1 Qg6 29. Nf5 Rde8 30. Rh6 Qg8 31. Nd6 Re6 32. Nc4 Rc6 33. Rbh1 Bg6 34. Kd1 Nf8 35. Kc2 Qe6 36. Qg2 Qe7 37. f3 Kb7 38. Qf2 Rc8 39. f4 gxf4 40. Qh4 Kc7 41. Rg1 Nd7 42. g5 Rce8 43. gxf6 Qxf6 44. Qxf6 Nxf6 45. Nxe5 Rxe5 46. Rgxg6 hxg6 47. Rxh8 Kd7 48. Kd1 1/2-1/2

[Event "GRE-chT 40th"]
[Site "Achaia"]
[Date "2012.07.01"]
[Round "3.14"]
[White "Nikolaou, Georgios"]
[Black "Gratseas, Stefanos"]
[Result "1/2-1/2"]
[WhiteElo "2231"]
[BlackElo "2187"]
[PlyCount "62"]
[EventDate "2012.06.30"]
[EventType "team-swiss"]
[EventRounds "7"]
[EventCountry "GRE"]
[SourceTitle "CBM 149 Extra"]
[Source "ChessBase"]
[SourceDate "2012.08.24"]
[SourceVersion "1"]
[SourceVersionDate "2012.08.24"]
[SourceQuality "1"]
[WhiteTeam "Panathlitikos Sykeon"]
[BlackTeam "OFI"]
[WhiteTeamCountry "GRE"]
[BlackTeamCountry "GRE"]

1. Nf3 Nf6 2. g3 d5 3. Bg2 c6 4. 0-0 Bg4 5. d4 Nbd7 6. Nbd2 e6 7. Re1 Bd6 8. c3 0-0 9. e4 dxe4 10. Nxe4 Nxe4 11. Rxe4 Nf6 12. Re1 Qa5 13. h3 Bh5 14. Qc2 Bg6 15. Qb3 Be4 16. Bd2 Qb6 17. Bg5 Bd5 18. Qc2 c5 19. dxc5 Qxc5 20. Be3 Qc7 21. Bd4 h6 22. Rad1 Rfd8 23. Ne5 Bxg2 24. Kxg2 Bc5 25. Qa4 a6 26. Qc4 Rd5 27. Bxc5 Rxc5 28. Qe2 Rd8 29. f4 Rcd5 30. Rxd5 Rxd5 31. Rd1 Qd6 1/2-1/2

[Event "Heraklion op 7th"]
[Site "Heraklion"]
[Date "2011.08.09"]
[Round "5"]
[White "Gratseas, Stefanos"]
[Black "Sandalakis, Nikolaos"]
[Result "1/2-1/2"]
[WhiteElo "2195"]
[BlackElo "1925"]
[PlyCount "53"]
[EventDate "2011.08.06"]
[EventType "swiss"]
[EventRounds "9"]
[EventCountry "GRE"]
[SourceTitle "CBM 144 Extra"]
[Source "ChessBase"]
[SourceDate "2011.10.28"]
[SourceVersion "1"]
[SourceVersionDate "2011.10.28"]
[SourceQuality "1"]

1. d4 Nf6 2. Bg5 Ne4 3. Bf4 c5 4. d5 Qb6 5. Bc1 d6 6. f3 Nf6 7. e4 g6 8. c4 Bg7 9. Nc3 0-0 10. Bd3 e6 11. Nge2 Nbd7 12. 0-0 exd5 13. exd5 Ne5 14. Ng3 Nxd3 15. Qxd3 Re8 16. a4 Bd7 17. a5 Qc7 18. Bf4 b5 19. axb6 axb6 20. Qd2 b5 21. cxb5 Rxa1 22. Rxa1 Rb8 23. Ra6 Ne8 24. Nge4 Bd4+ 25. Kh1 Bxb5 26. Rxd6 Ra8 27. h3 1/2-1/2

[Event "Heraklio Summer"]
[Site "Heraklion"]
[Date "1993.??.??"]
[Round "8"]
[White "Gratseas, Stefanos"]
[Black "Lirindzakis, Timotheos"]
[Result "0-1"]
[WhiteElo "2240"]
[BlackElo "2370"]
[PlyCount "58"]
[EventDate "1993.??.??"]
[EventType "tourn"]
[EventRounds "9"]
[EventCountry "GRE"]
[EventCategory "4"]
[SourceTitle "EXT 1999"]
[Source "ChessBase"]
[SourceDate "1998.11.16"]
[SourceVersion "1"]
[SourceVersionDate "1998.11.16"]
[SourceQuality "1"]

1. Nf3 d5 2. d4 Nf6 3. e3 Bg4 4. Be2 e6 5. Nbd2 Nbd7 6. h3 Bh5 7. 0-0 Bd6 8. b3 0-0 9. Bb2 c6 10. c4 Qe7 11. a3 Rad8 12. b4 Ne4 13. Nxe4 dxe4 14. Nd2 Bxe2 15. Qxe2 f5 16. Rfd1 Nf6 17. Nf1 Rd7 18. Bc3 h6 19. f4 exf3 20. gxf3 Qf7 21. Ra2 Qh5 22. Qg2 Ne4 23. Rd3 Ng5 24. Nd2 Nxh3+ 25. Kf1 Rf6 26. Ke1 Rg6 27. Qe2 Qh4+ 28. Kd1 Nf2+ 29. Kc2 Nxd3 0-1

[Event "Heraklio op"]
[Site "Heraklion"]
[Date "1993.??.??"]
[Round "3"]
[White "Gratseas, Stefanos"]
[Black "Miladinovic, Igor"]
[Result "0-1"]
[WhiteElo "2240"]
[BlackElo "2450"]
[PlyCount "54"]
[EventDate "1993.??.??"]
[EventType "swiss"]
[EventRounds "9"]
[EventCountry "GRE"]
[SourceTitle "TD"]
[Source "ChessBase"]
[SourceDate "1994.03.01"]
[SourceVersion "1"]
[SourceVersionDate "1994.03.01"]
[SourceQuality "1"]

1. e4 c5 2. Nc3 Nc6 3. f4 g6 4. Nf3 Bg7 5. Bb5 Nd4 6. Bc4 d6 7. Nxd4 cxd4 8. Bb5+ Bd7 9. Bxd7+ Qxd7 10. Ne2 Qc6 11. Ng3 Nf6 12. d3 Rc8 13. 0-0 Qxc2 14. Qf3 Nd7 15. Rf2 Qc6 16. Bd2 0-0 17. Qe2 Qb5 18. b4 Nb6 19. f5 Rc2 20. fxg6 hxg6 21. a4 Nxa4 22. Rf5 Qd7 23. Qd1 Rfc8 24. Bg5 Nb2 25. Qf3 f6 26. Rf1 fxg5 27. Rf7 Qe6 0-1

[Event "Heraklio Summer"]
[Site "Heraklion"]
[Date "1993.??.??"]
[Round "1"]
[White "Gratseas, Stefanos"]
[Black "Zahariev, Zahari"]
[Result "0-1"]
[WhiteElo "2240"]
[BlackElo "2380"]
[PlyCount "121"]
[EventDate "1993.??.??"]
[EventType "tourn"]
[EventRounds "9"]
[EventCountry "GRE"]
[EventCategory "4"]
[SourceTitle "EXT 1999"]
[Source "ChessBase"]
[SourceDate "1998.11.16"]
[SourceVersion "1"]
[SourceVersionDate "1998.11.16"]
[SourceQuality "1"]

1. e4 e6 2. Nc3 d5 3. d4 Nf6 4. Bg5 Bb4 5. e5 h6 6. Bd2 Bxc3 7. bxc3 Ne4 8. Bd3 Nxd2 9. Qxd2 b6 10. f4 Ba6 11. f5 Bxd3 12. Qxd3 exf5 13. Qxf5 Qd7 14. Qd3 Nc6 15. Nf3 0-0 16. 0-0 f6 17. c4 Rad8 18. Rad1 fxe5 19. dxe5 Qe7 20. cxd5 Nxe5 21. Nxe5 Rxf1+ 22. Rxf1 Qxe5 23. c4 Re8 24. h3 Qe3+ 25. Qxe3 Rxe3 26. Rc1 Rd3 27. Rc2 Kf8 28. Kf2 Ke7 29. Ke2 Ra3 30. c5 Kd7 31. cxb6 axb6 32. Rc6 Rg3 33. Kf2 Rg5 34. h4 Rxd5 35. Rg6 Rf5+ 36. Ke3 Rf7 37. g4 Re7+ 38. Kd3 c6 39. Kc4 Kc7 40. Kb4 Kb7 41. a4 Ka6 42. Rxc6 Re4+ 43. Rc4 Re6 44. h5 g6 45. hxg6 Rxg6 46. Re4 Rf6 47. Rd4 Rf8 48. Re4 Rf1 49. Ka3 Rh1 50. Re8 Rh3+ 51. Kb2 Rh4 52. Ra8+ Kb7 53. Rg8 Kc6 54. Kb3 Kb7 55. Rg7+ Ka6 56. Rg8 Rh3+ 57. Kb4 Rh1 58. Ra8+ Kb7 59. Rg8 Rg1 60. Rg6 Ka6 61. a5 0-1

[Event "Heraklio Summer"]
[Site "Heraklion"]
[Date "1993.??.??"]
[Round "2"]
[White "Petraki, Maria"]
[Black "Gratseas, Stefanos"]
[Result "0-1"]
[WhiteElo "2045"]
[BlackElo "2240"]
[PlyCount "69"]
[EventDate "1993.??.??"]
[EventType "tourn"]
[EventRounds "9"]
[EventCountry "GRE"]
[EventCategory "4"]
[SourceTitle "EXT 1999"]
[Source "ChessBase"]
[SourceDate "1998.11.16"]
[SourceVersion "1"]
[SourceVersionDate "1998.11.16"]
[SourceQuality "1"]

1. Nf3 c5 2. e3 Nf6 3. b3 g6 4. Bb2 Bg7 5. d4 cxd4 6. exd4 0-0 7. Be2 d6 8. 0-0 Nbd7 9. Re1 e6 10. c4 b6 11. Nc3 a6 12. Ba3 Qc7 13. Rc1 Bb7 14. Qd2 Rfe8 15. Red1 Rac8 16. Qf4 Bf8 17. Qh4 Qb8 18. Ng5 h6 19. Nf3 Qa8 20. Rc2 b5 21. Bc1 h5 22. Qg3 bxc4 23. bxc4 Be4 24. Nxe4 Nxe4 25. Qf4 e5 26. Qe3 exd4 27. Qxd4 Bg7 28. Qd5 Qb8 29. Qa5 Ne5 30. Be3 Ng4 31. Qxa6 Re6 32. Qb6 Qa8 33. Qb4 Qc6 34. Qb6 Qe8 35. Qb5 0-1

[Event "Heraklion op"]
[Site "Heraklion"]
[Date "1992.??.??"]
[Round "6"]
[White "Miles, Anthony John"]
[Black "Gratseas, Stefanos"]
[Result "1-0"]
[WhiteElo "2565"]
[BlackElo "2260"]
[PlyCount "65"]
[EventDate "1992.??.??"]
[EventType "swiss"]
[EventRounds "9"]
[EventCountry "GRE"]
[SourceTitle "EXT 1999"]
[Source "ChessBase"]
[SourceDate "1998.11.16"]
[SourceVersion "1"]
[SourceVersionDate "1998.11.16"]
[SourceQuality "1"]

1. d4 g6 2. e4 Bg7 3. Nf3 c6 4. Be2 d5 5. e5 Na6 6. 0-0 Nc7 7. Re1 Nh6 8. h3 0-0 9. b3 f6 10. Ba3 Re8 11. Nbd2 Nf7 12. Bd3 f5 13. h4 h5 14. Nf1 b6 15. Ng3 e6 16. Ne2 Bf8 17. Bxf8 Rxf8 18. Nf4 Kg7 19. Qd2 Bd7 20. Re3 Rg8 21. Nh3 Qe7 22. Nfg5 Nxg5 23. Nxg5 c5 24. c3 Bb5 25. Bc2 a5 26. a4 Bd7 27. Rg3 cxd4 28. cxd4 Kf8 29. Nh3 Na6 30. Qh6+ Qg7 31. Rxg6 Qxh6 32. Rxh6 Rc8 33. Bd1 1-0

[Event "GRE-ch"]
[Site "Athens"]
[Date "1988.??.??"]
[Round "?"]
[White "Gratseas, Stefanos"]
[Black "Maris, Ioannis"]
[Result "0-1"]
[WhiteElo "2275"]
[BlackElo "2295"]
[PlyCount "116"]
[EventDate "1988.??.??"]
[EventType "tourn"]
[EventRounds "14"]
[EventCountry "GRE"]
[EventCategory "2"]
[SourceTitle "EXT 2001"]
[Source "ChessBase"]
[SourceDate "2000.11.22"]
[SourceVersion "1"]
[SourceVersionDate "2000.11.22"]
[SourceQuality "1"]

1. Nf3 d5 2. d4 Nf6 3. Bf4 g6 4. e3 Bg7 5. Bd3 c6 6. c3 Nbd7 7. h3 a5 8. Nbd2 a4 9. 0-0 0-0 10. Re1 Re8 11. e4 dxe4 12. Nxe4 Nxe4 13. Rxe4 Nf6 14. Re2 Nd5 15. Bd2 Qd6 16. Qc1 b5 17. a3 Bb7 18. Be4 Nf6 19. Bf4 Qd8 20. Bc2 Nd5 21. Be5 f6 22. Bg3 Qd7 23. Qd2 Nb6 24. Bb1 Qd5 25. Ba2 Nc4 26. Qd3 c5 27. Rd1 Rad8 28. Ne1 cxd4 29. cxd4 Rd7 30. f3 Red8 31. Bf2 Kf8 32. Nc2 Nxb2 33. Bxd5 Nxd3 34. Be6 Nxf2 35. Kxf2 Rd6 36. Rb1 Bd5 37. Bxd5 Rxd5 38. Ne3 Rxd4 39. Rxb5 Bh6 40. Ra5 Bf4 41. Nc2 Rd2 42. Rxa4 Bg3+ 43. Kf1 Rd1+ 44. Ne1 f5 45. Rb4 R8d2 46. f4 Rxe2 47. Kxe2 Rxe1+ 48. Kf3 Bh4 49. a4 Ra1 50. Rb8+ Kf7 51. Ra8 Be1 52. Ke2 Bb4 53. Kd3 Ra2 54. Kc4 Bd2 55. Kb5 Bxf4 56. a5 Rxg2 57. a6 Be3 58. Rc8 Rb2+ 0-1

[Event "GRE-ch"]
[Site "Athens"]
[Date "1988.??.??"]
[Round "?"]
[White "Gratseas, Stefanos"]
[Black "Papastavropoulos, Andreas"]
[Result "1-0"]
[WhiteElo "2275"]
[BlackElo "2225"]
[PlyCount "91"]
[EventDate "1988.??.??"]
[EventType "tourn"]
[EventRounds "14"]
[EventCountry "GRE"]
[EventCategory "2"]
[SourceTitle "EXT 2001"]
[Source "ChessBase"]
[SourceDate "2000.11.22"]
[SourceVersion "1"]
[SourceVersionDate "2000.11.22"]
[SourceQuality "1"]

1. e4 c5 2. c3 d6 3. d4 Nd7 4. f4 e6 5. Nf3 a6 6. a4 b6 7. Bd3 Bb7 8. 0-0 Qc7 9. Qe2 Be7 10. Nbd2 Ngf6 11. e5 dxe5 12. fxe5 Nd5 13. Ne4 h6 14. Bd2 a5 15. Kh1 Rc8 16. Nh4 c4 17. Bc2 Qc6 18. Rxf7 Kxf7 19. Qh5+ Kg8 20. Ng6 Rh7 21. Rf1 Bf8 22. Rf3 Re8 23. Ng5 N5f6 24. exf6 Nxf6 25. Ne5 g6 26. Qxg6+ Rg7 27. Qxf6 Qc8 28. Ne4 Be7 29. Qxh6 Bxe4 30. Bxe4 Rf8 31. Rxf8+ Bxf8 32. Qh3 Qe8 33. Qf3 Qxa4 34. h3 Qa1+ 35. Kh2 Qxb2 36. Bh6 Qxg2+ 37. Qxg2 Rxg2+ 38. Kxg2 Bxh6 39. Nxc4 a4 40. Nxb6 a3 41. Bb1 Bd2 42. Na4 Kf7 43. Kf3 Kf6 44. Ke4 Be1 45. Ba2 Bf2 46. c4 1-0